[Event "17th Dubai Chess Open"]
[Site "Dubai UAE"]
[Date "2015.04.14"]
[Round "9.3"]
[White "Ivanisevic, Ivan"]
[Black "Shabalov, Alexander"]
[Result "1-0"]
[WhiteTitle "GM"]
[BlackTitle "GM"]
[WhiteElo "2638"]
[BlackElo "2511"]
[WhiteFideId "912417"]
[BlackFideId "2008572"]
[EventDate "2015.04.06"]

1. d4 Nf6 2. c4 g6 3. g3 c5 4. Nf3 cxd4 5. Nxd4 d5 6. Bg2 dxc4 7. O-O Bg7 8. Na3
c3 9. Ndb5 Nfd7 10. Nxc3 O-O 11. Bf4 Nc6 12. Qc1 Nde5 13. Rd1 Qa5 14. Rd5 Qb6
15. Be3 Qc7 16. Nab5 Qb8 17. Bh6 a6 18. Bxg7 Kxg7 19. Nd4 Nb4 20. Ra5 Bd7 21.
Nd5 Nxd5 22. Rxd5 e6 23. Rc5 Qd6 24. Qc3 Rac8 25. Nxe6+ Bxe6 26. Qxe5+ Qxe5 27.
Rxe5 b6 28. b4 Rc3 29. a3 Rd8 30. f4 Rd2 31. Kf2 Rcc2 32. Re3 a5 33. bxa5 bxa5
34. Rb1 Ra2 35. Bf3 a4 36. Rb8 h6 37. Ra8 Bb3 38. Ree8 Kf6 39. g4 g5 40. Ra6+
Kg7 41. f5 Rd4 42. f6+ Kh7 43. Be4+ Rxe4 44. Rxe4 Rxa3 45. Re8 Ra1 46. Rea8 Rh1
47. e4 Rxh2+ 48. Kg3 Re2 49. Re8 Bd1 50. Rd6 Bc2 51. e5 h5 52. gxh5 a3 53. Rd7
Bb3 54. Rdd8 1-0

[Event "17th Dubai Chess Open"]
[Site "Dubai UAE"]
[Date "2015.04.14"]
[Round "9.4"]
[White "Istratescu, Andrei"]
[Black "Ipatov, Alexander"]
[Result "1-0"]
[WhiteTitle "GM"]
[BlackTitle "GM"]
[WhiteElo "2630"]
[BlackElo "2592"]
[WhiteFideId "1200372"]
[BlackFideId "14116731"]
[EventDate "2015.04.06"]

1. d4 Nf6 2. c4 g6 3. Nc3 d5 4. Bg5 Ne4 5. Bh4 Nxc3 6. bxc3 dxc4 7. e3 Be6 8.
Be2 Bg7 9. Nf3 Nd7 10. O-O Nb6 11. a4 a5 12. Qc2 O-O 13. Rfb1 Qd7 14. Nd2 Bd5
15. e4 Bc6 16. Rxb6 cxb6 17. Nxc4 Bxd4 18. cxd4 Qxd4 19. Rd1 Qc5 20. Qb1 Rad8
21. Rc1 Rd4 22. Ne3 Rb4 23. Qa1 Rxa4 24. Qb2 Qd4 25. Qxd4 Rxd4 26. f3 Bxe4 27.
fxe4 Rxe4 28. Bf2 Rd8 29. Bf3 Rb4 30. Nd5 Rb5 31. Nxb6 Rd2 32. Be3 Rd6 33. Nc4
Rd8 34. Ra1 Rc8 35. Be2 Rb4 36. Nb6 Rc2 37. Bf3 Rcb2 38. Rxa5 Rxb6 39. Bxb6 Rxb6
40. Ra7 e6 41. Rxb7 Ra6 42. Kf2 h5 43. Ke3 Ra4 44. Bc6 Ra5 45. Kd4 Kg7 46. Rb5
Ra6 47. Kc5 Ra2 48. Rb7 Rd2 49. Rd7 Rc2+ 50. Kd6 Kf6 51. Kc7 e5 52. Kd6 Rd2+ 53.
Bd5 e4 54. h4 Kf5 55. Rxf7+ Kg4 56. Rg7 e3 57. Rxg6+ Kxh4 58. Re6 e2 59. Re3 Kg4
60. Ke5 h4 61. Be6+ Kg5 62. Bh3 Ra2 63. Ke4 Ra4+ 64. Kf3 e1=Q 65. Rxe1 Rf4+ 66.
Ke3 Rf8 67. Rc1 Re8+ 68. Kf2 Rf8+ 69. Kg1 Rf4 70. Rc5+ Kg6 71. Kh2 Rd4 72. Bc8
Rd1 73. Bb7 Ra1 74. Bf3 1-0

[Event "17th Dubai Chess Open"]
[Site "Dubai UAE"]
[Date "2015.04.14"]
[Round "9.6"]
[White "Kovalenko, Igor"]
[Black "Shimanov, Aleksandr"]
[Result "1/2-1/2"]
[WhiteTitle "GM"]
[BlackTitle "GM"]
[WhiteElo "2661"]
[BlackElo "2594"]
[WhiteFideId "14117908"]
[BlackFideId "4198603"]
[EventDate "2015.04.06"]

1. c4 Nf6 2. Nc3 g6 3. e4 d6 4. d4 Bg7 5. Nf3 O-O 6. Be2 e5 7. d5 a5 8. Be3 Ng4
9. Bg5 f6 10. Bc1 f5 11. Ng5 Na6 12. exf5 gxf5 13. h3 Nf6 14. f4 Qe7 15. fxe5
dxe5 16. O-O Nc5 17. Qe1 f4 18. b3 h6 19. Nf3 Nfe4 20. Nxe4 Nxe4 21. Nh4 Ra6 22.
Bd3 Ng3 23. Rxf4 Rxf4 24. Bxf4 Qxh4 25. Bxe5 Qg5 26. Bxg7 Kxg7 27. Qe8 Bxh3 28.
Re1 Nf5 29. Qd7+ Kg6 30. Qe8+ Kg7 31. Qd7+ Kg6 32. Bxf5+ Bxf5 33. Qe8+ Kf6 34.
Qe7+ 1/2-1/2

[Event "17th Dubai Chess Open"]
[Site "Dubai UAE"]
[Date "2015.04.14"]
[Round "9.7"]
[White "Guseinov, Gadir"]
[Black "Kuzubov, Yuriy"]
[Result "1/2-1/2"]
[WhiteTitle "GM"]
[BlackTitle "GM"]
[WhiteElo "2614"]
[BlackElo "2667"]
[WhiteFideId "13401378"]
[BlackFideId "14112906"]
[EventDate "2015.04.06"]

1. e4 e5 2. Nf3 Nf6 3. d4 Nxe4 4. Bd3 d5 5. Nxe5 Nd7 6. Nxd7 Bxd7 7. O-O Bd6 8.
Qh5 Nf6 9. Re1+ Kf8 10. Qe2 Ng4 11. h3 Qh4 12. Qf3 Nf6 13. Nc3 h5 14. Bf5 c6 15.
Bxd7 Nxd7 16. Qf5 Qd8 17. Bg5 g6 18. Bxd8 gxf5 19. Bh4 Kg7 20. Be7 Rh6 21. Bxd6
Rxd6 22. Ne2 Nf8 23. Ng3 Kg6 24. Re5 Re6 25. Rxe6+ Nxe6 26. c3 f4 27. Nf1 Ng5
28. Re1 Ne4 29. Nh2 Re8 30. Nf3 f6 31. Nh4+ Kg5 32. Nf3+ Kg6 33. Re2 a5 34. Nh4+
Kf7 35. Nf5 Kg6 36. Nh4+ Kf7 37. Nf5 Kg6 38. Nh4+ Kf7 1/2-1/2

[Event "17th Dubai Chess Open"]
[Site "Dubai UAE"]
[Date "2015.04.14"]
[Round "9.8"]
[White "Zhigalko, Sergei"]
[Black "Solodovnichenko, Yuri"]
[Result "1/2-1/2"]
[WhiteTitle "GM"]
[BlackTitle "GM"]
[WhiteElo "2675"]
[BlackElo "2584"]
[WhiteFideId "13502956"]
[BlackFideId "14104369"]
[EventDate "2015.04.06"]

1. e4 c5 2. c3 Nf6 3. e5 Nd5 4. Nf3 d6 5. d4 cxd4 6. cxd4 Nc6 7. Bc4 dxe5 8.
Nxe5 e6 9. O-O Be7 10. Nf3 O-O 11. Nc3 b6 12. Nxd5 exd5 13. Bb5 Bd7 14. Bf4 a6
15. Bd3 Bg4 16. Bxh7+ Kxh7 17. Qc2+ Kg8 18. Qxc6 Rc8 19. Qb7 Bxf3 20. gxf3 Rc4
21. Rad1 Bf6 22. Qxa6 Bxd4 23. Qb5 Qf6 24. Bg3 Qxf3 25. b3 Bxf2+ 26. Bxf2 Rg4+
27. Bg3 Rxg3+ 28. hxg3 Qxg3+ 29. Kh1 Qh3+ 30. Kg1 Qg3+ 31. Kh1 Qh3+ 32. Kg1 Qg3+ 1/2-1/2

[Event "17th Dubai Chess Open"]
[Site "Dubai UAE"]
[Date "2015.04.14"]
[Round "9.9"]
[White "Volkov, Sergey"]
[Black "Bartel, Mateusz"]
[Result "1/2-1/2"]
[WhiteTitle "GM"]
[BlackTitle "GM"]
[WhiteElo "2614"]
[BlackElo "2627"]
[WhiteFideId "4122763"]
[BlackFideId "1112635"]
[EventDate "2015.04.06"]

1. d4 Nf6 2. c4 e6 3. Nc3 Bb4 4. f3 c5 5. d5 b5 6. e4 d6 7. Ne2 bxc4 8. Nf4
Bxc3+ 9. bxc3 e5 10. Ne2 Qa5 11. h4 Nbd7 12. h5 h6 13. g3 Nb6 14. Bh3 Bxh3 15.
Rxh3 Na4 16. Qc2 Rb8 17. Kf2 O-O 18. g4 Nh7 19. Rh1 Rb7 20. Rd1 Rfb8 21. Rd2 Ng5
22. Kg2 g6 23. Ba3 gxh5 24. gxh5 Kh8 25. Rf1 Rg8 26. Kh2 Qd8 27. Ng3 Ne6 28. Nf5
Nf4 29. Kh1 Nb6 30. Nxh6 Rg5 31. Rh2 f5 32. Nxf5 Qf6 33. Bc1 Nbxd5 34. h6 Ne7
35. Bxf4 exf4 36. Qa4 Nxf5 37. exf5 Qxf5 38. Qxc4 Rb1 39. h7 Qd5 40. Qe2 Rxf1+
41. Qxf1 Rg3 42. c4 Rxf3 43. Qa1+ Qe5 44. Qb1 Re3 45. Qb8+ Qe8 46. Qb2+ Re5 47.
Rh6 f3 48. Kg1 Qf8 49. Rh2 Qe8 50. Kf2 a5 51. Rh3 a4 52. a3 Qd7 53. Rh5 Qe8 54.
Rh3 Qd7 55. Rh5 Qe8 56. Rh3 Qg6 57. Qb8+ Re8 58. Qb2+ Re5 59. Qb8+ Re8 1/2-1/2

[Event "17th Dubai Chess Open"]
[Site "Dubai UAE"]
[Date "2015.04.14"]
[Round "9.10"]
[White "Ehlvest, Jaan"]
[Black "Iturrizaga Bonelli, Eduardo"]
[Result "1/2-1/2"]
[WhiteTitle "GM"]
[BlackTitle "GM"]
[WhiteElo "2547"]
[BlackElo "2630"]
[WhiteFideId "4500016"]
[BlackFideId "3901211"]
[EventDate "2015.04.06"]

1. Nf3 c5 2. b3 d5 3. e3 Nf6 4. Bb2 e6 5. g3 Nc6 6. Bg2 Be7 7. O-O O-O 8. c4 b6
9. Nc3 Bb7 10. cxd5 Nxd5 11. Nxd5 exd5 12. d4 Rc8 13. Ne5 Ba6 14. Re1 Bf6 15.
Nxc6 Rxc6 16. Rc1 Re8 17. Qh5 g6 18. Qf3 Bd3 19. Qxd5 Rd6 20. Qb7 Rd7 21. Qc6
Re6 22. Qa8 Qxa8 23. Bxa8 cxd4 24. exd4 Rxe1+ 25. Rxe1 Rd8 26. Bc6 Kg7 27. Rd1
Bc2 28. Rd2 Bb1 29. a4 Ba2 30. b4 Rd6 31. Bb5 Bd5 32. f4 g5 33. fxg5 Bxg5 34.
Re2 f5 35. Bd3 f4 36. Bc1 f3 37. Rc2 Bxc1 38. Rxc1 Bf7 39. Be4 Rxd4 40. Bxf3
Rxb4 41. Rc7 Kg6 42. Rxa7 Be8 43. Be2 h6 44. Bd3+ Kf6 45. a5 bxa5 46. Rxa5 Bf7 1/2-1/2

[Event "17th Dubai Chess Open"]
[Site "Dubai UAE"]
[Date "2015.04.14"]
[Round "9.11"]
[White "Papp, Gabor1"]
[Black "Perunovic, Milos"]
[Result "1/2-1/2"]
[WhiteTitle "GM"]
[BlackTitle "GM"]
[WhiteElo "2575"]
[BlackElo "2632"]
[WhiteFideId "718602"]
[BlackFideId "921629"]
[EventDate "2015.04.06"]

1. c4 c5 2. Nf3 Nf6 3. Nc3 e6 4. g3 d5 5. cxd5 exd5 6. d4 Nc6 7. Bg2 Be7 8. O-O
O-O 9. dxc5 Bxc5 10. Na4 Be7 11. Be3 Re8 12. Rc1 Bg4 13. Nc5 Qb6 14. Ne6 Qa5 15.
Bd2 Qb6 16. Be3 Qa5 17. Bd2 Qb6 18. Be3 Qa5 19. Bd2 Qb6 1/2-1/2

[Event "17th Dubai Chess Open"]
[Site "Dubai UAE"]
[Date "2015.04.14"]
[Round "9.12"]
[White "Fier, Alexandr"]
[Black "Mchedlishvili, Mikheil"]
[Result "1-0"]
[WhiteTitle "GM"]
[BlackTitle "GM"]
[WhiteElo "2601"]
[BlackElo "2586"]
[WhiteFideId "2107139"]
[BlackFideId "13600966"]
[EventDate "2015.04.06"]

1. d4 Nf6 2. c4 e6 3. Nc3 Bb4 4. e3 O-O 5. Ne2 c6 6. a3 Ba5 7. Qc2 d5 8. Ng3
Nbd7 9. Be2 Bc7 10. O-O dxc4 11. Bxc4 e5 12. Ba2 exd4 13. exd4 Nb6 14. Re1 Nfd5
15. Nce4 Nf4 16. Nc5 Nbd5 17. Re4 Qf6 18. Bxf4 Nxf4 19. Rae1 Nd5 20. Re8 Bxg3
21. hxg3 Bf5 22. Rxa8 Rxa8 23. Qa4 h5 24. Nxb7 Bg6 25. Na5 Ne7 26. Nc4 Nf5 27.
Ne5 Re8 28. Qxa7 1-0

[Event "17th Dubai Chess Open"]
[Site "Dubai UAE"]
[Date "2015.04.14"]
[Round "9.13"]
[White "Grandelius, Nils"]
[Black "Karthikeyan, Murali"]
[Result "1-0"]
[WhiteTitle "GM"]
[BlackTitle "IM"]
[WhiteElo "2603"]
[BlackElo "2504"]
[WhiteFideId "1710400"]
[BlackFideId "5074452"]
[EventDate "2015.04.06"]

1. e4 g6 2. d4 Bg7 3. Nf3 d6 4. Be2 Nf6 5. Nc3 O-O 6. O-O c6 7. h3 Nbd7 8. Be3
e5 9. dxe5 dxe5 10. Qd6 Ne8 11. Qd2 Qe7 12. a4 Nc5 13. b4 Ne6 14. Rab1 N8c7 15.
Rfd1 Rd8 16. Qc1 Nd4 17. a5 Nce6 18. Ne1 Qf6 19. Bf1 Nf4 20. Kh2 g5 21. Na4 g4
22. c3 Nde6 23. Rxd8+ Qxd8 24. Qd1 Qf6 25. hxg4 Ng5 26. f3 h5 27. gxh5 Nxh5 28.
Qd2 Nxe4 29. fxe4 Qxf1 30. Qd8+ Kh7 31. Qh4 Qe2 32. Nf3 Qxe3 33. Qxh5+ Qh6 34.
Qxh6+ Kxh6 35. Rd1 Bf6 36. Nc5 b6 37. Nd7 Bxd7 38. Rxd7 bxa5 39. bxa5 Kg7 40. a6
Kf8 41. Kg3 Ke8 42. Rb7 Be7 43. Kg4 Bc5 44. Nxe5 Rd8 45. Kf5 f6 46. Kxf6 Rd6+
47. Kf5 Rd2 48. Rb8+ Ke7 49. Nxc6+ Kf7 50. Rb7+ Ke8 51. Nxa7 1-0

[Event "17th Dubai Chess Open"]
[Site "Dubai UAE"]
[Date "2015.04.14"]
[Round "9.14"]
[White "Petrosian, Tigran L."]
[Black "Laxman, R.R."]
[Result "1-0"]
[WhiteTitle "GM"]
[BlackTitle "GM"]
[WhiteElo "2671"]
[BlackElo "2375"]
[WhiteFideId "13301616"]
[BlackFideId "5005361"]
[EventDate "2015.04.06"]

1. Nf3 Nf6 2. g3 d5 3. Bg2 c6 4. c4 e6 5. O-O Be7 6. d4 O-O 7. Nc3 Nbd7 8. Qb3
a5 9. a3 b6 10. Bf4 Ba6 11. cxd5 Nxd5 12. Rfe1 Nxf4 13. gxf4 Rc8 14. Rad1 Qc7
15. e3 Rfd8 16. Qc2 g6 17. Rd2 Bf6 18. h4 c5 19. d5 Bxc3 20. d6 Qb8 21. Qxc3 Nf8
22. h5 gxh5 23. Red1 Bb7 24. Qf6 Qa8 25. Ne5 Bxg2 26. Qxf7+ Kh8 27. Qf6+ Kg8 1-0

[Event "17th Dubai Chess Open"]
[Site "Dubai UAE"]
[Date "2015.04.14"]
[Round "9.15"]
[White "Rathnakaran, K."]
[Black "Prohaszka, Peter2"]
[Result "0-1"]
[WhiteTitle "IM"]
[BlackTitle "GM"]
[WhiteElo "2411"]
[BlackElo "2597"]
[WhiteFideId "5005507"]
[BlackFideId "726265"]
[EventDate "2015.04.06"]

1. e4 c6 2. d3 d5 3. Nd2 e5 4. Ngf3 Bd6 5. g3 Nf6 6. Bg2 O-O 7. O-O Re8 8. b3 a5
9. a3 Qc7 10. Bb2 Bg4 11. h3 Bh5 12. Qe2 Nbd7 13. Rae1 dxe4 14. dxe4 Nc5 15. Qd1
b5 16. Qc1 Nfd7 17. Nh4 Ne6 18. Nf5 Bf8 19. Nf3 f6 20. N3h4 a4 21. b4 Nb6 22.
Ne3 Bf7 23. Nhf5 Rad8 24. Ng4 Nc4 25. Bc3 Nd4 26. f4 Nxf5 27. exf5 h5 28. Nf2
exf4 29. gxf4 Qb6 30. Be4 c5 31. Kh2 cxb4 32. axb4 a3 33. Re2 a2 34. Rg1 Kh8 35.
Nd3 Nd6 36. Ne5 fxe5 37. Bf3 Nxf5 38. fxe5 Nd4 39. Rf2 Qc7 40. Ba1 Qxe5+ 41. Kh1
Bd5 42. Bxd5 Qxd5+ 43. Rgg2 Qe6 44. Qf4 Qxh3+ 0-1

[Event "17th Dubai Chess Open"]
[Site "Dubai UAE"]
[Date "2015.04.14"]
[Round "9.16"]
[White "Das, Sayantan"]
[Black "Vocaturo, Daniele"]
[Result "1-0"]
[WhiteTitle "IM"]
[BlackTitle "GM"]
[WhiteElo "2434"]
[BlackElo "2579"]
[WhiteFideId "5034426"]
[BlackFideId "813192"]
[EventDate "2015.04.06"]

1. e4 e5 2. Nf3 Nc6 3. Bb5 a6 4. Ba4 Nf6 5. O-O Be7 6. Re1 b5 7. Bb3 d6 8. c3
O-O 9. h3 Na5 10. Bc2 c5 11. d4 Nd7 12. Nbd2 exd4 13. cxd4 Nc6 14. d5 Nce5 15.
Nxe5 Nxe5 16. f4 Ng6 17. Nf3 f5 18. e5 Bb7 19. e6 Ra7 20. b4 a5 21. bxc5 dxc5
22. Rb1 Bxd5 23. Rxb5 Bxa2 24. Qxd8 Bxd8 25. Ba3 Be7 26. g3 Bd5 27. Ne5 Ra6 28.
Nd7 Bc6 29. Rbb1 Rc8 30. Bxf5 Nf8 31. Nb8 Ra7 32. Nxc6 Rxc6 33. Be4 Rc8 34. Bd5
g6 35. Kg2 c4 36. Bxe7 Rxe7 37. Rb7 Rce8 38. Rxe7 Rxe7 39. Bxc4 Kg7 40. g4 h6
41. h4 g5 42. hxg5 hxg5 43. f5 Nh7 44. Bb5 Nf6 45. Kf3 Kf8 46. Ra1 Ra7 47. Ba4
Ke7 48. Rc1 Rb7 49. Rc4 Ra7 50. Rc5 Kd6 51. Rc4 Ke7 52. Ke3 Kd6 53. Kd3 Rh7 54.
Rc6+ Ke5 55. Bd1 Ra7 56. Rc4 Kd6 57. Rd4+ Ke7 58. Kc3 Rc7+ 59. Kb2 Rc5 60. Bf3
Re5 61. Rc4 Kd8 62. Rc3 Rb5+ 63. Ka3 Rb4 64. Re3 Ke7 65. Rd3 Rf4 66. Bd1 Rb4 67.
Rc3 Kd6 68. Bf3 Rf4 69. Rb3 Ke7 70. Ka2 Ra4+ 71. Kb2 Rf4 72. Rb7+ Kd6 73. Rf7
Ne8 74. Bd1 Ke5 75. Rf8 Nd6 76. e7 1-0

[Event "17th Dubai Chess Open"]
[Site "Dubai UAE"]
[Date "2015.04.14"]
[Round "9.17"]
[White "Banusz, Tamas"]
[Black "Pourramezanali, Amirreza"]
[Result "1-0"]
[WhiteTitle "GM"]
[BlackTitle "IM"]
[WhiteElo "2585"]
[BlackElo "2432"]
[WhiteFideId "722413"]
[BlackFideId "12511412"]
[EventDate "2015.04.06"]

1. d4 d5 2. c4 c6 3. Nc3 Nf6 4. e3 e6 5. Nf3 Nbd7 6. Qc2 Bd6 7. Bd3 dxc4 8. Bxc4
b5 9. Be2 Bb7 10. O-O O-O 11. e4 e5 12. dxe5 Nxe5 13. Nd4 Neg4 14. g3 Bc5 15.
Nf5 Re8 16. Bf4 Qb6 17. Bxg4 Nxg4 18. Rac1 Rad8 19. Nd1 Bf8 20. Nde3 Nxe3 21.
Bxe3 c5 22. f3 g6 23. Nh4 Qe6 24. Bxc5 Bxc5+ 25. Qxc5 Qxa2 26. Qf2 Bc8 27. Ra1
Qb3 28. Rxa7 Bh3 29. Re1 Qb4 30. Ra3 Rd2 31. Rb3 Qd6 32. Qe3 Rc8 33. Rxb5 Rcc2
34. Rd5 Qb4 35. Rxd2 Rxd2 36. b3 Qa5 37. g4 Qa2 38. Qf4 Rg2+ 39. Kh1 Qb2 40. Rd1
h5 41. Rd8+ Kg7 42. Nf5+ gxf5 43. Qg5+ Kh7 44. Qxh5+ 1-0

[Event "17th Dubai Chess Open"]
[Site "Dubai UAE"]
[Date "2015.04.14"]
[Round "9.18"]
[White "Karavade, Eesha"]
[Black "Kovchan, Alexander"]
[Result "0-1"]
[WhiteTitle "IM"]
[BlackTitle "GM"]
[WhiteElo "2405"]
[BlackElo "2576"]
[WhiteFideId "5012600"]
[BlackFideId "14103052"]
[EventDate "2015.04.06"]

1. d4 Nf6 2. c4 g6 3. Nc3 d5 4. cxd5 Nxd5 5. Bd2 Bg7 6. e4 Nb6 7. Be3 O-O 8. h3
e5 9. dxe5 Bxe5 10. Qc2 Qe7 11. Nf3 Bxc3+ 12. Qxc3 Qxe4 13. Bd3 Qc6 14. Qa3 Nd5
15. Rc1 Qe8 16. O-O Nxe3 17. Rfe1 Qd8 18. Rxe3 Be6 19. Qb4 Bd5 20. Be4 Na6 21.
Qb5 Bxe4 22. Rxe4 Rb8 23. Ne5 c6 24. Nxc6 Nc7 25. Nxd8 Nxb5 26. Rb4 Nd6 27. Rd1
Rfxd8 28. Rbd4 Rbc8 29. Rxd6 Rxd6 30. Rxd6 Rc1+ 31. Kh2 Rc2 32. Kg3 Rxb2 33. a4
a5 34. Rd7 Rb4 35. Kf3 Kg7 36. g3 Kf6 37. h4 h5 38. Ke3 Ke6 39. Rc7 b6 40. Rb7
f6 41. Kd3 g5 42. hxg5 fxg5 43. Rh7 h4 44. gxh4 gxh4 45. Ke3 Kf5 46. Rf7+ Kg6
47. Rd7 h3 48. Kf3 Rxa4 49. Rd6+ Kg5 50. Kg3 Ra3+ 51. f3 Rb3 52. Rd5+ Kf6 53.
Kxh3 Ke6 54. Rd1 Rxf3+ 55. Kg2 Rf5 0-1

[Event "17th Dubai Chess Open"]
[Site "Dubai UAE"]
[Date "2015.04.14"]
[Round "9.19"]
[White "Petrosyan, Manuel"]
[Black "Stojanovic, Mihajlo"]
[Result "1/2-1/2"]
[WhiteTitle "IM"]
[BlackTitle "GM"]
[WhiteElo "2427"]
[BlackElo "2555"]
[WhiteFideId "13300857"]
[BlackFideId "916366"]
[EventDate "2015.04.06"]

1. Nf3 d5 2. g3 Nf6 3. Bg2 c6 4. c4 dxc4 5. O-O Nbd7 6. Na3 Nb6 7. Qc2 Qd5 8. b3
cxb3 9. axb3 Be6 10. Nc4 Nxc4 11. bxc4 Qxc4 12. Qb1 Bc8 13. Bb2 e6 14. Rc1 Qb4
15. Qc2 Qb6 16. Bd4 Qd8 17. Bxa7 Nd5 18. Qb2 Be7 19. e4 Bf6 20. d4 Nc7 21. Bb6
Rxa1 22. Qxa1 Qd7 23. Ne5 Bxe5 24. dxe5 O-O 25. Rd1 Qe7 26. Bf1 Re8 27. Qa5 Na6
28. Rd6 Qg5 29. f4 Qe7 30. Kg2 h6 31. Kh3 Kh8 32. Bd8 Qf8 33. Bxa6 bxa6 34. Qc7
Bb7 35. Rd7 Qg8 36. Bh4 Ba8 37. Rxf7 Rf8 38. Rxf8 Qxf8 39. Qd6 Qc8 40. Qc5 Kg8
41. g4 Qd7 42. Qd6 Qe8 43. f5 c5 44. Be7 exf5 45. exf5 c4 46. Qe6+ Kh7 47. f6
Qg6 48. Qxc4 Qg5 49. Qd3+ Qg6 50. Qc4 Qg5 51. Qd4 a5 52. e6 gxf6 53. Bxf6 Qd5
54. Qxd5 Bxd5 55. e7 Bc6 56. Bc3 a4 57. Bb4 Kg6 58. Kg3 h5 59. Kh4 hxg4 60. Kxg4
Be8 61. Bd6 Bd7+ 62. Kf4 Kh5 63. Ke5 Kg4 64. Kd5 Kh3 65. Kc4 Be8 66. Be5 Bd7 67.
Bg3 Be8 68. Bf4 Bd7 69. Kd4 Be8 1/2-1/2

[Event "17th Dubai Chess Open"]
[Site "Dubai UAE"]
[Date "2015.04.14"]
[Round "9.20"]
[White "Idani, Pouya"]
[Black "Baghdasaryan, Vahe"]
[Result "1/2-1/2"]
[WhiteTitle "GM"]
[BlackTitle "IM"]
[WhiteElo "2496"]
[BlackElo "2400"]
[WhiteFideId "12510130"]
[BlackFideId "13303139"]
[EventDate "2015.04.06"]

1. e4 c5 2. Nf3 e6 3. d4 cxd4 4. Nxd4 Nc6 5. Nc3 Nf6 6. Ndb5 d6 7. Bf4 e5 8. Bg5
a6 9. Na3 Be6 10. Nc4 Rc8 11. Bxf6 Qxf6 12. Nb6 Rb8 13. Ncd5 Qd8 14. Bc4 Be7 15.
O-O Bg5 16. a4 O-O 17. c3 Kh8 18. a5 Nxa5 19. Rxa5 Bxd5 20. Rxd5 Qxb6 21. Rxd6
Qxb2 22. Qh5 f6 23. Be6 Qxc3 24. Bf5 Bh6 25. Rfd1 b5 26. Rd7 Qc4 27. g4 Qg8 28.
g5 Bxg5 29. Qh3 Rfe8 30. R1d6 b4 31. Be6 Qf8 32. Rxa6 Re7 33. Rd3 Rc7 34. Bb3
Qc8 35. Re6 Rc3 36. Bd5 h6 37. Kg2 Bd2 38. Qf3 b3 39. Rxc3 Qxc3 40. Qh5 Qc8 41.
Bxb3 Qf8 42. Bd5 Bb4 43. Rc6 Rc8 44. Rb6 Rb8 45. Rxb8 Qxb8 46. Be6 Qd8 47. Qg6
Bc5 48. h4 Qb8 49. h5 Qd8 50. Bf5 Qg8 51. f3 Qa2+ 52. Kh3 Qg8 53. Kg4 Be3 54.
Bd7 Qd8 55. Qf7 Bc5 56. Be6 f5+ 57. Qxf5 Bf2 58. Kh3 Qh4+ 59. Kg2 Qg3+ 60. Kf1
Bc5 61. Ke2 Qf2+ 62. Kd3 Qd4+ 63. Kc2 Bb4 64. Qf7 Qc3+ 65. Kb1 Qd3+ 66. Kb2 Qc3+
67. Kb1 Qd3+ 68. Kb2 Qc3+ 1/2-1/2

[Event "17th Dubai Chess Open"]
[Site "Dubai UAE"]
[Date "2015.04.14"]
[Round "9.21"]
[White "Ezat, Mohamed"]
[Black "Vijayalakshmi, Subbaraman"]
[Result "1/2-1/2"]
[WhiteTitle "IM"]
[BlackTitle "IM"]
[WhiteElo "2479"]
[BlackElo "2319"]
[WhiteFideId "10600906"]
[BlackFideId "5004098"]
[EventDate "2015.04.06"]

1. d4 d5 2. c4 c6 3. Nc3 Nf6 4. cxd5 cxd5 5. Bf4 Nc6 6. e3 Bf5 7. Bd3 Bxd3 8.
Qxd3 e6 9. Nf3 Bd6 10. Bxd6 Qxd6 11. O-O O-O 12. Rac1 Rac8 13. a3 Ne7 14. h3 h6
15. Rc2 a6 16. Rfc1 Rfd8 17. Na2 Rxc2 18. Rxc2 Rc8 19. Rxc8+ Nxc8 20. Qc3 Ne7
21. Qb4 Qxb4 22. Nxb4 Ne4 23. Kf1 Kf8 24. Ke2 Ke8 25. Nd2 Nxd2 26. Kxd2 Kd7 27.
Nd3 Nc6 28. Kc3 Kc7 29. b3 b6 30. b4 Kd6 31. Kb3 Nb8 32. Kc3 Nc6 33. Kb3 1/2-1/2

[Event "17th Dubai Chess Open"]
[Site "Dubai UAE"]
[Date "2015.04.14"]
[Round "9.22"]
[White "Mehar, Chinna Reddy C.H."]
[Black "Hayrapetyan, Hovik"]
[Result "1/2-1/2"]
[WhiteTitle "FM"]
[BlackTitle "GM"]
[WhiteElo "2319"]
[BlackElo "2465"]
[WhiteFideId "5027420"]
[BlackFideId "13302639"]
[EventDate "2015.04.06"]

1. e4 c5 2. Nf3 e6 3. d4 cxd4 4. Nxd4 a6 5. Nc3 Qc7 6. Bd3 Nc6 7. Nxc6 bxc6 8.
O-O d5 9. Qe2 Nf6 10. Bg5 Be7 11. e5 Ng8 12. Bf4 c5 13. b3 Bb7 14. Rfe1 h5 15.
Qd2 Qd8 16. Qe2 Qc7 17. Na4 Bc6 18. c4 d4 19. Be4 Rb8 20. Nb2 Bxe4 21. Qxe4 Nh6
22. Bxh6 Rxh6 23. Nd3 Qb7 24. Qe2 Rh8 25. Reb1 a5 26. a3 g6 27. Qd2 Qb6 28. Qc2
Kf8 29. b4 cxb4 30. axb4 Bxb4 31. c5 Qb5 32. Rb3 Kg7 33. Rab1 Rhc8 34. Qc1 Qd7
35. Qf4 Qd8 36. h4 Rb7 37. Nxb4 axb4 38. Rxb4 Rd7 39. Rd1 d3 40. Qe3 Rd5 41. Rc4
Qa5 42. Rxd3 Qa1+ 43. Kh2 Rxe5 44. Ra3 Qb2 45. Rb3 Qa1 46. Ra3 Rxe3 47. Rxa1 Re2
48. Kg3 Rc6 49. Ra7 Re5 50. Rf4 Rf5 51. Rxf5 gxf5 52. Ra5 e5 53. f4 f6 54. Kf3
Kf7 55. Ra7+ Ke6 56. Rh7 Rxc5 57. Rxh5 Rc3+ 58. Kf2 Rc2+ 59. Kg3 Rc3+ 60. Kf2
exf4 61. Rh8 Kf7 62. Rd8 Rg3 63. Rd4 Rg4 64. Kf3 Rxh4 65. Rxf4 Rh5 66. g3 Kg6
67. Rh4 Rg5 68. Ra4 Kg7 69. Ra7+ Kh6 70. Ra6 Kg6 71. Ra4 Rh5 72. Rh4 Kg5 73.
Rxh5+ Kxh5 74. Kf4 Kg6 75. g4 fxg4 1/2-1/2

[Event "17th Dubai Chess Open"]
[Site "Dubai UAE"]
[Date "2015.04.14"]
[Round "9.23"]
[White "Harutyunian, Tigran K."]
[Black "Ahmed, Fareed"]
[Result "1-0"]
[WhiteTitle "IM"]
[WhiteElo "2445"]
[BlackElo "1960"]
[WhiteFideId "13303635"]
[BlackFideId "9303677"]
[EventDate "2015.04.06"]

1. Nf3 Nf6 2. g3 b5 3. Bg2 Bb7 4. O-O e6 5. d3 d6 6. a4 b4 7. e4 a5 8. c3 c5 9.
Nbd2 Nbd7 10. Re1 Be7 11. Nc4 O-O 12. Nfd2 Ra7 13. Qc2 Ng4 14. h3 Nge5 15. Nxe5
Nxe5 16. d4 cxd4 17. cxd4 Ng6 18. Nb3 Bg5 19. f4 Bh6 20. Be3 d5 21. e5 f6 22.
Rac1 Bc8 23. Qc5 Ra6 24. exf6 Qxf6 25. Bf1 Bxf4 26. Bxf4 Nxf4 27. gxf4 Qxf4 28.
Bg2 Bd7 29. Rf1 Qe3+ 30. Kh1 Raa8 31. Qe7 Bxa4 32. Nc5 1-0